Meist registrierten Hunderassen 2022 - Statistiken

Allgemein
  • Dieses Quiz wurde 990 mal gespielt
  • Das Durchschnittsergebnis liegt bei 4 aus 10
Antwortstatistiken
Platz Antwort % Korrekt
3 Deutscher Schäferhund
89%
7 Golden Retriever
84%
2 Labrador Retriever
81%
5 Chihuahua
49%
1 Mischling
34%
4 Französische Bulldogge
33%
10 Malteser
21%
6 Australian Shepherd
18%
9 Yorkshire Terrier
16%
8 Jack Russell Terrier
10%
Keine übereinstimmenden Quizze gefunden
Verteilung der Resultate
Anzahl Personen mit jedem Resultat
Perzentil nach korrekt beantworteten Fragen
Ihre Resultats-Entwicklung
Sie haben dieses Quiz noch nicht gespielt